000 00547nam a22001817a 4500
999 _c189391
_d189391
005 20220628110718.0
010 _aENG-133400
020 _a9789381626771
_c455.00
035 _aEN-116932
037 _bDBAD/PUB
082 _a445
100 _aBalian, John D.
245 _aGray Wolves and White Doves/
_cJohn D. Balian
260 _aNew Delhi
_bTranquebar Press
_c2011
270 _a93, 1st Floor, Sham Lal Road, Daryaganj
_bNew Delhi
_e110002
300 _axv,378p.
_c20cm(pbk)
_bAcknowlegments
942 _2ddc
_cEN
_h445
_mBAL